01149 a2200193 4500003000500000005001700005010001600022020001700038040000900055082001600064100001800080245006000098250001200158260004400170300003400214505065500248650003400903700001800937Nust20241115174956.0 a 84003460 a0835915980 : cNust00a621.382,ROD1 aRoddy, Dennis10aElectronic communications /cDennis Roddy, John Coolen. a4th ed. aReston, Va. :bReston Pub. Co.,cc1995. axii, 788 p. :bill. ;c24 cm. aPassive Circuits (Page-1), Waveform Spectra (Page-57), Digital Line Waveforms (Page-91), Noise (Page-118), Tuned Small Signal Amplifiers, Mixers and Active Filters (Page-153), Oscillators (Page-195), Receivers (Page-224), Amplitude Modulation (Page-252), Single Sideband Modulation (Page-297), Angle Modulation (Page-321), Pulse Modulation (Page-383), Digital Communications (Page-413), Transmission Lines and Cables (Page-467), Waveguides (Page-519), Radio Wave Propagation (Page-536), Antennas (Page-579), Telephone Systems (Page-628), Facsimile and Television (Page-660), Satellite Communications (Page-711), Fiber Optic Communications (Page-748). 0aTelecommunication Engineering1 aCoolen, John.